LEADER 00711nam a2200181 i 4500 001 000000052400 003 CaOOAMICUS 005 20130206000000.0 008 130206s1855 xx u000 u lat u 013 $a23572 040 $aSeMil$bita 245 10$a1. 300 $a534 p. 773 0 $aBouix, Dominique <1808-1870>$tTractatus de judiciis ecclesiasticis.$dParisiis : Apud Lecoffre et socios, 1855.$g1$w()28006 773 0 $aBouix, Dominique <1808-1870>$tInstitutiones juris canonici in varios tractatus divisae.$dParisiis : Lecoffre et socios, 1852.$w()28030 850 $aSeMil 852 $aSeMil$W1$xVenegono$y1$m2H II 12 FA$j18555$B18555$CSeMilBibl$Z2$F18556 $8I 996 $6245$a1$9(OLS)http://semarc/title/6508 LEADER 01024nam a2200217 i 4500 001 000000106093 003 CaOOAMICUS 005 20020404000000.0 008 020404s1982 it u000 u ita u 013 $a78287 040 $aSeMil$bita 245 10$aFrancesco d'Assisi nell'ottavo centenario della nascita /$cpresentazione di Giuseppe Lazzati ; scritti di p. Stanislao da Campagnola ... [et al.]. 260 $aMilano :$bVita e Pensiero,$c1982. 300 $a147 p. ;$c21 cm. 600 04$aFrancesco : d'Assisi .$0(OLS)http://semarc/subject/1416 700 1 $aLazzati, Giuseppe,$d<1909-1986>.$0(OLS)http://semarc/name/41 700 0 $aStanislao : da Campagnola,$c.$0(OLS)http://semarc/name/23280 850 $aSeMil 852 $aSeMil$W1$xVenegono$y1$m3H I 289$j62247$B62247$CSeMilBibl$Z2$F71398 $81 996 $6245$aFrancesco d'Assisi nell'ottavo centenario della nascita$9(OLS)http://semarc/title/153783 996 $6260$aMilano :$bVita e Pensiero$9(OLS)http://semarc/publisher/29642